<?xml version="1.0" encoding="UTF-8"?>
<record
    xmlns:xsi="http://www.w3.org/2001/XMLSchema-instance"
    xsi:schemaLocation="http://www.loc.gov/MARC21/slim http://www.loc.gov/standards/marcxml/schema/MARC21slim.xsd"
    xmlns="http://www.loc.gov/MARC21/slim">

  <leader>01222nam a2200265 a 4500</leader>
  <controlfield tag="001">78955</controlfield>
  <controlfield tag="003">BD-RjUL</controlfield>
  <controlfield tag="005">20211209083208.0</controlfield>
  <controlfield tag="008">211202s2002    le            000 0 ara d</controlfield>
  <datafield tag="020" ind1=" " ind2=" ">
    <subfield code="a">2745133950</subfield>
  </datafield>
  <datafield tag="035" ind1=" " ind2=" ">
    <subfield code="a">(CStRLIN)UWON04-B104</subfield>
  </datafield>
  <datafield tag="040" ind1=" " ind2=" ">
    <subfield code="a">UkOxU</subfield>
    <subfield code="c">UkOxU</subfield>
    <subfield code="b">eng</subfield>
  </datafield>
  <datafield tag="041" ind1=" " ind2=" ">
    <subfield code="a">ara</subfield>
  </datafield>
  <datafield tag="082" ind1=" " ind2=" ">
    <subfield code="2">23</subfield>
    <subfield code="a">297.12552</subfield>
    <subfield code="b">IBS 2002</subfield>
  </datafield>
  <datafield tag="100" ind1="1" ind2=" ">
    <subfield code="a">&#x627;&#x628;&#x646; &#x645;&#x627;&#x62C;&#x629;&#x60C; &#x645;&#x62D;&#x645;&#x62F; &#x628;&#x646; &#x64A;&#x632;&#x64A;&#x62F;.;; Ibn M&#x101;jah, Mu&#x1E25;ammad ibn Yaz&#x12B;d,</subfield>
    <subfield code="d">-887</subfield>
    <subfield code="6">880-01</subfield>
    <subfield code="9">250943</subfield>
  </datafield>
  <datafield tag="245" ind1="1" ind2="0">
    <subfield code="a">&#x633;&#x646;&#x646; &#x627;&#x628;&#x646; &#x645;&#x627;&#x62C;&#x629;  ;; Sunan Ibn M&#x101;jah /</subfield>
    <subfield code="c">&#x623;&#x628;&#x64A; &#x639;&#x628;&#x62F; &#x627;&#x644;&#x644;&#x647; &#x645;&#x62D;&#x645;&#x62F; &#x628;&#x646; &#x64A;&#x632;&#x64A;&#x62F; &#x627;&#x644;&#x642;&#x632;&#x648;&#x64A;&#x646;&#x64A; &#x61B; &#x636;&#x628;&#x637; &#x646;&#x635;&#x647;&#x627; &#x623;&#x62D;&#x645;&#x62F; &#x634;&#x645;&#x633; &#x627;&#x644;&#x62F;&#x64A;&#x646;. ;; Ab&#x12B; &#x2BF;Abd All&#x101;h Mu&#x1E25;ammad ibn Yaz&#x12B;d al-Qazw&#x12B;n&#x12B; ; &#x1E0D;aba&#x1E6D;a na&#x1E63;&#x1E63;ah&#x101; A&#x1E25;mad Shams al-D&#x12B;n.</subfield>
  </datafield>
  <datafield tag="250" ind1=" " ind2=" ">
    <subfield code="a">al-&#x1E6C;ab&#x2BF;ah 1.</subfield>
  </datafield>
  <datafield tag="260" ind1=" " ind2=" ">
    <subfield code="a">Karachi :</subfield>
    <subfield code="b">Nur mohammad Asih  ;</subfield>
    <subfield code="c">2002.</subfield>
  </datafield>
  <datafield tag="300" ind1=" " ind2=" ">
    <subfield code="a">335 p. ;</subfield>
    <subfield code="c">36 cm.</subfield>
  </datafield>
  <datafield tag="500" ind1=" " ind2=" ">
    <subfield code="a">"&#x1E6C;ab&#x2BF;ah jad&#x12B;dah k&#x101;milah f&#x12B; mujallad w&#x101;&#x1E25;id, mashk&#x16B;lah wa-muraqqamat al-kutub wa-al-abw&#x101;b wa-al-a&#x1E25;&#x101;d&#x12B;th &#x1E25;asab arq&#x101;m al-Mu&#x2BF;jam al-mufahras li-alf&#x101;&#x1E93; al-&#x1E24;ad&#x12B;th al-Nabaw&#x12B; al-shar&#x12B;f."</subfield>
  </datafield>
  <datafield tag="650" ind1=" " ind2="0">
    <subfield code="a">Hadith</subfield>
    <subfield code="v">Texts</subfield>
    <subfield code="v">Early works to 1800.</subfield>
    <subfield code="9">250944</subfield>
  </datafield>
  <datafield tag="700" ind1="1" ind2=" ">
    <subfield code="a">Shams al-D&#x12B;n, A&#x1E25;mad.</subfield>
    <subfield code="9">250945</subfield>
  </datafield>
  <datafield tag="942" ind1=" " ind2=" ">
    <subfield code="2">ddc</subfield>
    <subfield code="c">BK</subfield>
  </datafield>
  <datafield tag="999" ind1=" " ind2=" ">
    <subfield code="c">78955</subfield>
    <subfield code="d">78955</subfield>
  </datafield>
  <datafield tag="952" ind1=" " ind2=" ">
    <subfield code="0">0</subfield>
    <subfield code="1">0</subfield>
    <subfield code="2">ddc</subfield>
    <subfield code="4">0</subfield>
    <subfield code="7">1</subfield>
    <subfield code="8">NFIC</subfield>
    <subfield code="a">RUCL</subfield>
    <subfield code="b">RUCL</subfield>
    <subfield code="c">Reading</subfield>
    <subfield code="d">2021-12-02</subfield>
    <subfield code="o">A 297.12552 IBS 2002</subfield>
    <subfield code="r">2021-12-02 00:00:00</subfield>
    <subfield code="t">C-1</subfield>
    <subfield code="y">BK</subfield>
  </datafield>
</record>
